Using Microsoft Infopath 2010 With Microsoft Sharepoint 2010 step by step / (Record no. 65610)

MARC details
000 -LEADER
fixed length control field 02142nam a22003257a 4500
005 - DATE AND TIME OF LATEST TRANSACTION
control field 20120425110158.0
010 ## - LCCN (DPL NO)
LC control number ENG-105114 B-492589-593
020 ## - INTERNATIONAL STANDARD BOOK NUMBER
International Standard Book Number 9788120345515
Terms of availability 595.00
035 ## - SYSTEM CONTROL NUMBER
System control number EN-88647 B-492589-593
037 ## - SOURCE OF ACQUISITION
Source of stock number/acquisition DBAD/PUB
037 ## - SOURCE OF ACQUISITION
Source of stock number/acquisition UBH/Ven
082 ## - DEWEY DECIMAL CLASSIFICATION NUMBER
Classification number 651.75
100 ## - MAIN ENTRY--PERSONAL NAME
Personal name Shadravan, Darvish
245 ## - TITLE STATEMENT
Title Using Microsoft Infopath 2010 With Microsoft Sharepoint 2010 step by step /
Statement of responsibility, etc by Darvish Shadravan [and] Laura Rogers
260 ## - PUBLICATION, DISTRIBUTION, ETC. (IMPRINT)
Place of publication, distribution, etc New Delhi
Name of publisher, distributor, etc PHI Learning
Date of publication, distribution, etc 2012
270 ## - ADDRESS
Address M-97, Connaught Circus
City New Delhi
Postal code 110001
300 ## - PHYSICAL DESCRIPTION
Extent xxix, 446 p. :
Dimensions 23cm(pbk)
Other physical details ill.
490 ## - SERIES STATEMENT
Series statement Step by step
-- 55288
500 ## - GENERAL NOTE
General note Includes index.
520 ## - SUMMARY, ETC.
Summary, etc The smart way to learn how to build InfoPath forms for SharePoint - one step at a time. Design and build forms without writing code, add approval workflows to your forms, integrate data, create and use forms in the cloud.
700 ## - ADDED ENTRY--PERSONAL NAME
Personal name Rogers, Laura
9 (RLIN) 45724
942 ## - ADDED ENTRY ELEMENTS (KOHA)
Source of classification or shelving scheme Dewey Decimal Classification
Item type English Books
Classification part 651.75
Call number suffix SHA
Holdings
Withdrawn status Lost status Not for loan Collection code Home library Current library Date acquired Source of acquisition Cost, normal purchase price Full call number Barcode Copy number Cost, replacement price Koha item type
      Non-fiction Central Library Central Library 28/02/2013 UBH/214/18.01.2013/129/18.12.2012/29.01.2013 595.00 651.75 SHA B-492589 1 595.00 English Books
    Not For Loan Non-fiction D.B.Act.Division D.B.Act.Division 25/04/2012 DBAD/PUB 595.00 651.75 SHA EN-88647 1 595.00 English Books
      Non-fiction Janak Puri Janak Puri 28/02/2013 UBH/214/18.01.2013/129/18.12.2012/29.01.2013 595.00 651.75 SHA B-492591 1 595.00 English Books
  Written-off vide DLB M. No. 383 dt 16.05.19   Non-fiction Patel Nagar Patel Nagar 28/02/2013 UBH/214/18.01.2013/129/18.12.2012/29.01.2013 595.00 651.75 SHA B-492590 1 595.00 English Books
      Non-fiction Sarojini Nagar Sarojini Nagar 28/02/2013 UBH/214/18.01.2013/129/18.12.2012/29.01.2013 595.00 651.75 SHA B-492592 1 595.00 English Books
      Non-fiction Shahdara Branch Shahdara Branch 28/02/2013 UBH/214/18.01.2013/129/18.12.2012/29.01.2013 595.00 651.75 SHA B-492593 1 595.00 English Books

© Delhi Public Library
Hit Counter
free hit counter